000 00429nam a22001457a 4500
008 140606b xxu||||| |||| 00| 0 eng d
020 _a0867862041
050 _aLC487.L433 1997
100 _aMcMahon, John
_910704
245 _aLeading the Catholic School
_cJohn McMahon
260 _aAustralia
_bSpectrum Publications
_c1997
300 _axii, 275p. ;
_c22cm.
650 _aCatholic Schools
_910705
942 _2lcc
_cMONOGRAPH
_02
999 _c120657
_d120657